000 00589cam a2200169 a 4500
020 _a0316321729 :
082 0 0 _a956.7044/2
_bGOR
_cL-39, P-172
100 1 _aGordon, Michael R.,
_946531
245 1 4 _aThe generals' war :
_bthe inside story of the conflict in the Gulf /
_cby Michael R. Gordon and Bernard E. Trainor.
250 _a1st ed.
260 _aBoston :
_bLittle, Brown,
_cc1995.
300 _axv, 551 p. :
_bill., map ;
_c25 cm.
526 _a0
_b0
_c0
_d956_704420000000000_GOR
650 0 _aPersian Gulf War, 1991.
_9432
700 1 _aTrainor, Bernard E.,
_946532
942 _2ddc
_cBK
999 _c549845
_d549845